The Iceman cometh
Kaydedildi:
| Yazar: | |
|---|---|
| Materyal Türü: | Kitap |
| Dil: | Undetermined |
| Baskı/Yayın Bilgisi: |
New York, Estados Unidos
Vintage Books
1940
|
| Konular: | |
| Etiketler: |
Etiketle
Etiket eklenmemiş, İlk siz ekleyin!
|
MARC
| LEADER | 00000nam a2200000Ia 4500 | ||
|---|---|---|---|
| 008 | 170316s9999 xx 000 0 und d | ||
| 090 | |a 810 O-7i | ||
| 100 | |a O'Neill, Eugene | ||
| 245 | 4 | |a The Iceman cometh | |
| 260 | |a New York, Estados Unidos | ||
| 260 | |b Vintage Books | ||
| 260 | |c 1940 | ||
| 300 | |a 260 páginas | ||
| 650 | |a LITERATURA ESTADOUNIDENSE | ||
| 999 | |c 21397 |d 21397 | ||
| 040 | |a cru BVZT | ||
| 942 | |c 15 D |h 810 O-7i |2 z | ||
